Manual práctico de tuberculosis infantil / (Record no. 144933)

MARC details
000 -LEADER
campo de control de longitud fija 00841nam a2200241 4500
001 - NÚMERO DE CONTROL
campo de control 144933
003 - IDENTIFICADOR DE NÚMERO DE CONTROL
campo de control ES-MaACL
005 - FECHA Y HORA DE LA ÚLTIMA TRANSACCIÓN
campo de control 20250730025427.0
007 - CAMPO FIJO DE DESCRIPCIÓN FÍSICA--INFORMACIÓN GENERAL
campo de control de longitud fija t|
008 - DATOS DE LONGITUD FIJA--INFORMACIÓN GENERAL
campo de control de longitud fija 070214s1942 sp r ||||1| spa d
100 1# - ENTRADA PRINCIPAL--NOMBRE DE PERSONA
Nombre de persona Simon, Georg.
9 (RLIN) 106508
245 10 - MENCIÓN DEL TÍTULO
Título Manual práctico de tuberculosis infantil /
Mención de responsabilidad, etc. Georg Simon, F. Redeker ; versión y notas de Rafael Navarro Gutiérrez, Fernando Paz Espeso.
250 ## - MENCION DE EDICION
Mención de edición 2ª. ed. española de la última alemana corregida.
260 ## - PUBLICACIÓN, DISTRIBUCIÓN, ETC.
Lugar de publicación, distribución, etc. Madrid :
Nombre del editor, distribuidor, etc. Morata,
Fecha de publicación, distribución, etc. 1942.
300 ## - DESCRIPCIÓN FÍSICA
Extensión XIX, 736 p. :
Otras características físicas il. ;
Dimensiones 25 cm.
650 07 - PUNTO DE ACCESO ADICIONAL DE MATERIA--TÉRMINO DE MATERIA
Término de materia o nombre geográfico como elemento de entrada Tuberculosis en niños
Fuente del encabezamiento o término embne
9 (RLIN) 17659
700 1# - ENTRADA AGREGADA--NOMBRE PERSONAL
Nombre de persona Navarro Gutiérrez, Rafael.
9 (RLIN) 85135
700 1# - ENTRADA AGREGADA--NOMBRE PERSONAL
Nombre de persona Paz Espeso, Fernando.
9 (RLIN) 89768
700 1# - ENTRADA AGREGADA--NOMBRE PERSONAL
Nombre de persona Díez Fernández, Carlos.
9 (RLIN) 44727
700 1# - ENTRADA AGREGADA--NOMBRE PERSONAL
Nombre de persona Redeker, F.
9 (RLIN) 95790
852 ## - LOCALIZACIÓN
Ubicación ES-MaACL
Número de control de estantería E-59
Holdings
Estatus retirado Estado de pérdida Estado de daño No para préstamo Biblioteca de origen Biblioteca actual Ubicación en estantería Fecha de adquisición Fuente de adquisición Total de préstamos Signatura topográfica completa Código de barras Visto por última vez Precio de reemplazo Tipo de ítem Koha
        Biblioteca del Ateneo de Madrid Biblioteca del Ateneo de Madrid Depósito 2 17/01/2008     E-59 1151230 23/02/2023 23/02/2023 Libro impreso